[Event "FRA-chT4"]
[Site "Ech Ardennais/La Francheville"]
[Date "2004.10.10"]
[Round "1"]
[White "Moret, Florian"]
[Black "Vivet, Gregory"]
[Result "1-0"]
[WhiteElo "1470"]
[BlackElo "1410"]
[PlyCount "87"]
[EventDate "2004.10.10"]
[EventType "team"]
[EventRounds "3"]
[EventCountry "FRA"]
[SourceTitle "EXT 2007"]
[Source "ChessBase"]
[SourceDate "2006.11.23"]
[SourceVersion "1"]
[SourceVersionDate "2006.11.23"]
[SourceQuality "1"]

1. e4 c5 2. Nf3 e6 3. d4 Nc6 4. Be3 b6 5. Nc3 d5 6. exd5 exd5 7. h3 Nf6 8. Be2 Be6 9. Qd2 c4 10. a3 a5 11. Bf4 Bd6 12. Nb5 Ne4 13. Qe3 Qe7 14. Nd2 Rd8 15. Nxe4 Bxf4 16. Qxf4 dxe4 17. Qxe4 Rd5 18. Bxc4 Rxb5 19. Bxb5 Bd5 20. Qxe7+ Kxe7 21. Bxc6 Bxc6 22. 0-0 Kd6 23. Rfe1 Rg8 24. b4 a4 25. c4 g5 26. Rac1 g4 27. h4 f5 28. Re5 Be4 29. c5+ bxc5 30. bxc5+ Kc6 31. d5+ Bxd5 32. Rxf5 Rg6 33. Rg5 Bb3 34. Rxg6+ hxg6 35. Kf1 Bd5 36. g3 Kd7 37. Ke2 Kc6 38. Ke3 Bb3 39. Kf4 Be6 40. Kg5 Kc7 41. Kxg6 Kd7 42. h5 Bd5 43. h6 Be4+ 44. Kg7 1-0

[Event "FRA-chT4 0304"]
[Site "Champagne Ardenne"]
[Date "2004.03.14"]
[Round "6"]
[White "Robert, Emmanuel"]
[Black "Vivet, Gregory"]
[Result "0-1"]
[WhiteElo "1460"]
[BlackElo "1580"]
[PlyCount "88"]
[EventDate "2003.10.??"]
[EventRounds "6"]
[EventCountry "FRA"]
[SourceTitle "EXT 2005"]
[Source "ChessBase"]
[SourceDate "2004.11.15"]
[SourceVersion "1"]
[SourceVersionDate "2004.11.15"]
[SourceQuality "1"]

1. e4 c5 2. Nf3 Nc6 3. Bc4 e6 4. Nc3 g6 5. Ne2 d5 6. exd5 exd5 7. Bb5 Nge7 8. d4 c4 9. c3 Bg7 10. Bf4 0-0 11. Bxc6 Nxc6 12. Qd2 Bf5 13. Ne5 Nxe5 14. Bxe5 Bxe5 15. dxe5 Bd3 16. Nc1 d4 17. Nxd3 dxc3 18. Qxc3 Qxd3 19. Qxd3 cxd3 20. 0-0-0 Rfe8 21. Rxd3 Rac8+ 22. Kb1 Rxe5 23. Rhd1 Re2 24. R3d2 Rce8 25. Rd8 Rxd8 26. Rxd8+ Kg7 27. Rd7 Rxf2 28. Rxb7 Rxg2 29. Rxa7 Rxh2 30. a4 h5 31. a5 h4 32. a6 h3 33. Rd7 Rh1+ 34. Ka2 Re1 35. a7 h2 36. a8Q h1Q 37. Qd8 Ra1+ 38. Kb3 Qh3+ 39. Rd3 Qe6+ 40. Rd5 Rc1 41. Kb4 Qe4+ 42. Rd4 Qb7+ 43. Ka5 Ra1+ 44. Ra4 Qa7+ 0-1